书目信息 |
| 题名: |
明清戏曲文学与文献探考
|
|
| 作者: | 郑志良 著 | |
| 分册: | ||
| 出版信息: | 北京 中华书局 2014 |
|
| 页数: | 518页 | |
| 开本: | 21cm | |
| 丛书名: | 中华戏剧学丛刊 | |
| 单 册: | ||
| 中图分类: | I207.37 | |
| 科图分类: | ||
| 主题词: | 古代戏曲--文学研究--中国--明清时代 | |
| 电子资源: | ||
| ISBN: | 978-7-101-10188-1 | |
| 000 | 00918oam2 2200253 450 | |
| 001 | 339140 | |
| 005 | 20150604145923.54 | |
| 010 | @a978-7-101-10188-1@dCNY58.00 | |
| 100 | @a20141121d2014 em y0chiy50 ea | |
| 101 | 0 | @achi |
| 102 | @aCN@b110000 | |
| 105 | @ay z 000yy | |
| 106 | @ar | |
| 200 | 1 | @a明清戏曲文学与文献探考@Aming qing xi qu wen xue yu wen xian tan kao@f郑志良著 |
| 210 | @a北京@c中华书局@d2014 | |
| 215 | @a518页@d21cm | |
| 225 | 2 | @a中华戏剧学丛刊 |
| 330 | @a本书为作者对明清两代戏曲及戏曲文献探讨的文章合集。书稿共28篇文章, 或对一些戏剧文献中出现的谬误予以考析匡正, 如对《南词叙录》的版本流传的考订及对文本的整理;或搜集发现戏剧家佚文佚作, 如发现汤显祖佚文等。 | |
| 410 | 0 | @12001 @a中华戏剧学丛刊 |
| 606 | 0 | @a古代戏曲@x文学研究@y中国@z明清时代 |
| 690 | @aI207.37@v5 | |
| 701 | 0 | @a郑志良@Azheng zhi liang@f(1969)@4著 |
| 801 | 0 | @aCN@b卓展宏图@c20150525 |
| 905 | @dI207.37@e112@f5 | |
| 明清戏曲文学与文献探考/郑志良著.-北京:中华书局,2014 |
| 518页;21cm.-(中华戏剧学丛刊) |
| ISBN 978-7-101-10188-1:CNY58.00 |
| 本书为作者对明清两代戏曲及戏曲文献探讨的文章合集。书稿共28篇文章, 或对一些戏剧文献中出现的谬误予以考析匡正, 如对《南词叙录》的版本流传的考订及对文本的整理;或搜集发现戏剧家佚文佚作, 如发现汤显祖佚文等。 |
| ● |
| 相关链接 |
|
|
|
|
正题名:明清戏曲文学与文献探考
索取号:I207.37/112
 
预约/预借
| 序号 | 登录号 | 条形码 | 馆藏地/架位号 | 状态 | 备注 |
| 1 | 859571 | 208595714 | 第一样本阅览室/ [索取号:I207.37/112] | 在馆 | |
| 2 | 859572 | 208595723 | 第二借阅区/ [索取号:I207.37/112] | 在馆 | |
| 3 | 859573 | 208595732 | 第二借阅区/ [索取号:I207.37/112] | 在馆 | |
| 4 | 859574 | 208595741 | 第二借阅区/ [索取号:I207.37/112] | 在馆 | |
| 5 | 859575 | 208595750 | 第二借阅区/ [索取号:I207.37/112] | 在馆 |